| 000 | 00381nam a22001337a 4500 | ||
|---|---|---|---|
| 020 | _a9781639873128 | ||
| 082 |
_a647.940683 _bDUN |
||
| 100 | _aDuncan, Lauren, | ||
| 245 |
_aHuman Resource Management in Hospitality Industry / _cLauren Duncan |
||
| 260 |
_aNew York : _bMurphy & Moore Publishing, _c2021. |
||
| 300 |
_a213 p. ; _c28 cm. |
||
| 563 | _aHBK. | ||
| 942 |
_2ddc _cBK |
||
| 999 |
_c590458 _d590458 |
||